[Event "Bogota rapid op"]
[Site "Bogota"]
[Date "2024.09.01"]
[Round "4"]
[White "Gomez Becerra, Lorenzo"]
[Black "Comas Bermeo, Emilie"]
[Result "0-1"]
[WhiteElo "1643"]
[BlackElo "1465"]
[PlyCount "56"]
[EventDate "2024.09.01"]
[EventType "swiss (rapid)"]
[EventRounds "7"]
[EventCountry "COL"]
[SourceTitle "EXT 2025"]
[Source "ChessBase"]
[SourceDate "2024.10.14"]
[SourceVersion "1"]
[SourceVersionDate "2024.10.14"]
[SourceQuality "1"]

1. d4 d5 2. Nf3 Nf6 3. g3 Bf5 4. Bg2 e6 5. 0-0 Be7 6. c4 c6 7. Nc3 0-0 8. Bf4 Nbd7 9. Nd2 Rc8 10. e4 dxe4 11. Ndxe4 Nxe4 12. Nxe4 Nf6 13. Nxf6+ Bxf6 14. Be3 e5 15. dxe5 Bxe5 16. Qb3 b6 17. c5 b5 18. Rad1 Qf6 19. Rd2 Rfd8 20. Rfd1 h6 21. Rxd8+ Rxd8 22. Rxd8+ Qxd8 23. Bxc6 a6 24. Bd5 Qf6 25. Bc1 Bd4 26. c6 Be6 27. Bxe6 Qxf2+ 28. Kh1 Qg1# 0-1